Statistics for Category Elimination #1

Click here to take the quiz!

General Stats

  • This quiz has been taken 450 times
  • The average score is 4 of 5

Answer Stats

Category BlueCategory Blue% Correct
Has Over 120 Million People
100%
....found in Asia
100%
....Land area more than 400,000 km
99%
...Population Rate more than 1%
70%
and is the largest Archipelago
66%

Score Distribution

Percentile by Number Answered

Percent of People with Each Score

Your Score History

You have not taken this quiz